Ножичек : (Record no. 501527)
[ view plain ]
| 000 -LEADER | |
|---|---|
| fixed length control field | 00827nam a2200217 a 4500 |
| 001 - CONTROL NUMBER | |
| control field | 000397872 |
| 003 - CONTROL NUMBER IDENTIFIER | |
| control field | AM-YeHGA |
| 005 - DATE AND TIME OF LATEST TRANSACTION | |
| control field | 20250617163136.0 |
| 008 - FIXED-LENGTH DATA ELEMENTS--GENERAL INFORMATION | |
| fixed length control field | 041217s1889 ru r 000 0 rus d |
| 040 ## - CATALOGING SOURCE | |
| Original cataloging agency | AM-YeHGA |
| 041 1# - LANGUAGE CODE | |
| Language code of text/sound track or separate title | rus |
| Language code of original | arm |
| 090 ## - LOCALLY ASSIGNED LC-TYPE CALL NUMBER (OCLC); LOCAL CALL NUMBER (RLIN) | |
| -- | 504941 |
| 100 1# - MAIN ENTRY--PERSONAL NAME | |
| Personal name | Ахтамеркиан |
| 245 10 - TITLE STATEMENT | |
| Title | Ножичек : |
| Remainder of title | Рассказ водовоза / |
| Statement of responsibility, etc. | Соч. Ахтамеркиана; Пер. с арм. И. Вермишева. |
| 260 ## - PUBLICATION, DISTRIBUTION, ETC. | |
| Place of publication, distribution, etc. | Тифлис : |
| Name of publisher, distributor, etc. | Изд. Якова Самойлова, |
| -- | Тип. М. Вартанянца, |
| Date of publication, distribution, etc. | 1889. |
| 300 ## - PHYSICAL DESCRIPTION | |
| Extent | 56 с. ; |
| Dimensions | 17 см. |
| 440 #0 - SERIES STATEMENT/ADDED ENTRY--TITLE | |
| Title | Из армянской беллетристики |
| 650 14 - SUBJECT ADDED ENTRY--TOPICAL TERM | |
| Topical term or geographic name entry element | Армянская проза |
| Form subdivision | Рассказы |
| 700 1# - ADDED ENTRY--PERSONAL NAME | |
| Personal name | Вермишев, И |
| Relator term | пер. |
| Relationship | trl |
| 700 1# - ADDED ENTRY--PERSONAL NAME | |
| Personal name | Самойлов, Яков |
| Relator term | изд. |
| Relationship | pbl |
| Withdrawn status | Lost status | Source of classification or shelving scheme | Damaged status | Not for loan | Collection | Home library | Current library | Date acquired | Total checkouts | Full call number | Barcode | Date last seen | Price effective from | Koha item type | Public note |
|---|---|---|---|---|---|---|---|---|---|---|---|---|---|---|---|
| Universal Decimal Classification | General | Fundamental Scientific Library | Fundamental Scientific Library | 14/11/2019 | PII/24166 | FL0609219 | 14/11/2019 | 14/11/2019 | Գրքեր / Books | 30 Days Loan |
ՀՀ Գիտությունների ազգային ակադեմիայի հիմնարար գիտական գրադարան = Fundamental Scientific Library of NAS RA
All site content, except where otherwise noted, is licensed under a